[Event "Eastpointe (MCO/4/10)"]
[Site "?"]
[Date "1995.??.??"]
[Round "?"]
[White "Clark, K."]
[Black "Libby, Dan"]
[Result "1-0"]
[WhiteElo "2055"]
[BlackElo "1740"]
[PlyCount "113"]
[EventDate "1995.??.??"]

{4/(10)} 1. d4 Nf6 2. c4 g6 3. Nc3 d5 4. cxd5 Nxd5 5. e4 Nxc3 6. bxc3 Bg7 7.
Bc4 O-O 8. Ne2 b6 9. O-O Bb7 10. f3 e6 11. Rb1 Ba6 12. Bxa6 Nxa6 13. Qa4 Qc8
14. Qc6 Rd8 15. Bf4 Qd7 16. Qc4 Nb8 17. Qxc7 Nc6 18. Qxd7 Rxd7 19. Be3 Na5 20.
Kf2 Nc4 21. a4 Rc8 22. g4 Bf8 23. h4 Ba3 24. Bc1 Be7 25. h5 f5 26. hxg6 hxg6
27. Nf4 fxe4 28. fxe4 Rf8 29. Ke2 e5 30. Nxg6 Rxf1 31. Kxf1 exd4 32. cxd4 Ba3
33. d5 Bxc1 34. Rxc1 Nd2+ 35. Ke2 Nxe4 36. Kf3 Nc5 37. Rc4 Kg7 38. Nf4 Kf6 39.
a5 Nb3 40. Rc6+ Kf7 41. axb6 Nd4+ 42. Kg3 Re7 43. bxa7 Rxa7 44. Rh6 Ra3+ 45.
Kh4 Nf3+ 46. Kh5 Ra1 47. g5 Rh1+ 48. Kg4 Rxh6 49. gxh6 Ne5+ 50. Kf5 Nd7 51. Ng6
Kg8 52. Ne5 Nf8 53. d6 Kh7 54. Kf6 Kxh6 55. Kf7 Nh7 56. d7 Ng5+ 57. Ke7 1-0

[Event "East Lansing (MI Op/6/6)"]
[Site "?"]
[Date "1995.??.??"]
[Round "?"]
[White "Clark, K."]
[Black "Kitsis, S."]
[Result "0-1"]
[WhiteElo "2055"]
[BlackElo "2235"]
[PlyCount "164"]
[EventDate "1995.??.??"]

{6/(6)} 1. d4 Nf6 2. c4 g6 3. Nc3 Bg7 4. e4 O-O 5. Bd3 d6 6. Nge2 e5 7. O-O
Nfd7 8. d5 a5 9. Be3 Na6 10. a3 Nac5 11. Bc2 f5 12. exf5 gxf5 13. f4 e4 14. Rb1
Nb6 15. Bd4 Bxd4+ 16. Qxd4 Qf6 17. Nb5 Qxd4+ 18. Nexd4 Rf7 19. b3 Na6 20. Rbc1
Bd7 21. Bd1 Bxb5 22. Nxb5 Nc5 23. Rc3 Re7 24. Rg3+ Kh8 25. Bc2 Rg8 26. Rc3 Kg7
27. Re1 Kf6 28. Ree3 Rgg7 29. Rh3 Rg4 30. g3 a4 31. b4 Nb3 32. Bxb3 axb3 33.
Rxb3 Nxc4 34. Kf2 Nb6 35. Nd4 Kg6 36. Ne6 h5 37. a4 Nxa4 38. Ra3 Nb6 39. Nd4
Nxd5 40. Ra8 Nxb4 41. Rf8 e3+ 42. Ke2 Na2 43. Nxf5 Nc1+ 44. Ke1 Re4 45. Nxe3
Rxe3+ 46. Kd2 Re7 47. Kxc1 Rh7 48. Kc2 Kg7 49. Rf5 h4 50. gxh4 Rhxh4 51. Re3
Rxf4 52. Rg3+ Rfg4 53. Rgf3 Rxh2+ 54. Kc3 Kh7 55. Rf8 Rg7 56. Kc4 Rh5 57. R3f4
Rhg5 58. Rh4+ Kg6 59. Rhf4 Rh5 60. Rg4+ Kh7 61. Rgf4 c6 62. R8f6 Rh6 63. Rf8 b6
64. Kb4 d5 65. Rc8 c5+ 66. Kb5 d4 67. Rd8 Re7 68. Rg4 Rg6 69. Rf4 Kg7 70. Rd5
Rf7 71. Re4 Rff6 72. Re7+ Kh6 73. Red7 Rg5 74. R5d6 Rxd6 75. Rxd6+ Rg6 76. Rd5
Re6 77. Kc4 Kg6 78. Kd3 Re3+ 79. Kd2 Kf6 80. Rd6+ Re6 81. Rd5 Rc6 82. Rd8 Ke5
0-1

[Event "East Lansing (MI Op/1b/11)"]
[Site "?"]
[Date "1995.??.??"]
[Round "?"]
[White "Clark, K."]
[Black "Henderson, H."]
[Result "1-0"]
[WhiteElo "2055"]
[BlackElo "1835"]
[PlyCount "63"]
[EventDate "1995.??.??"]

1. d4 Nf6 2. Nf3 c5 3. d5 e6 4. c4 exd5 5. cxd5 d6 6. Nc3 g6 7. Bg5 Bg7 8. Qd2
O-O 9. e4 Re8 10. Bd3 a6 11. a4 Bg4 12. h3 Bxf3 13. gxf3 Qc7 14. Kf1 Nbd7 15.
b3 Ne5 16. Be2 c4 17. Rc1 Nd3 18. Bxd3 cxd3 19. Nb5 Qb6 20. Be3 Qd8 21. Nc7 Qd7
22. Nxa8 Rxa8 23. Qxd3 Nh5 24. Qc4 Be5 25. Qc7 Qxc7 26. Rxc7 b5 27. a5 Nf4 28.
Bxf4 Bxf4 29. Ke2 Kg7 30. Ra1 g5 31. Ra2 Be5 32. Rac2 1-0

[Event "Eastpointe (MCO/6/4)"]
[Site "?"]
[Date "1995.??.??"]
[Round "?"]
[White "Clark, K."]
[Black "Drkulec, Vladimir"]
[Result "0-1"]
[WhiteElo "2055"]
[BlackElo "2140"]
[PlyCount "98"]
[EventDate "1995.??.??"]

{6/(4)} 1. d4 Nf6 2. c4 c5 3. d5 b5 4. cxb5 a6 5. bxa6 g6 6. Nc3 Bxa6 7. g3 d6
8. Bg2 Bg7 9. Nh3 Nbd7 10. Nf4 O-O 11. h4 h5 12. O-O Ne8 13. Ne4 Nc7 14. Re1
Rb8 15. Rb1 Nf6 16. b3 Nb5 17. Bb2 Nxe4 18. Bxg7 Nec3 19. Bxc3 Nxc3 20. Qc2
Nxb1 21. Rxb1 Kg7 22. Be4 Qe8 23. Qc3+ Kg8 24. Qe3 Rb4 25. Rd1 f5 26. Bc2 Qf7
27. Ne6 Rc8 28. a3 Rbb8 29. g4 hxg4 30. h5 Qh7 31. hxg6 Qxg6 32. Rd2 Kf7 33.
Qf4 Kf6 34. e4 Rh8 35. Kg2 Qh5 36. Qxf5+ Qxf5 37. exf5 Rbg8 38. Nf4 Bc8 39. Ng6
Rh7 40. Re2 Rgg7 41. Re4 Rh5 42. Rf4 Kg5 43. Rc4 Bxf5 44. Nf4 Rh8 45. Kg3 Rgg8
46. b4 cxb4 47. axb4 Rc8 48. Rxc8 Rxc8 49. Bxf5 Kxf5 0-1

[Event "East Lansing (Beg/4/10)"]
[Site "?"]
[Date "1995.??.??"]
[Round "?"]
[White "Clark, D."]
[Black "Leaf, J."]
[Result "1-0"]
[WhiteElo "1605"]
[BlackElo "1605"]
[PlyCount "55"]
[EventDate "1995.??.??"]

{4/(10)} 1. d4 d5 2. c4 dxc4 3. Qa4+ Nc6 4. Nf3 Bd7 5. Qxc4 Be6 6. Qd3 Bg4 7.
Nbd2 Qd7 8. e4 O-O-O 9. Be2 Nxd4 10. Nxd4 Bxe2 11. Kxe2 Qxd4 12. Qxd4 Rxd4 13.
b3 Nf6 14. e5 Ne4 15. Ke3 c5 16. Nxe4 e6 17. Bb2 Rb4 18. Ba3 Rxe4+ 19. Kxe4 f5+
20. exf6 gxf6 21. Bb2 Bg7 22. Kf3 Kd7 23. Rad1+ Ke7 24. Ba3 b6 25. b4 Kf7 26.
Rd7+ Ke8 27. Rxg7 cxb4 28. Bxb4 1-0

[Event "East Lansing (Beg/2/10)"]
[Site "?"]
[Date "1995.??.??"]
[Round "?"]
[White "Clark, D."]
[Black "Abulhassan, B."]
[Result "0-1"]
[WhiteElo "1605"]
[BlackElo "1605"]
[PlyCount "40"]
[EventDate "1995.??.??"]

{2/(10)} 1. d4 d6 2. c4 Nd7 3. Nc3 g6 4. e4 Bg7 5. Nf3 Ngf6 6. Be3 b6 7. Bd3
Bb7 8. O-O O-O 9. Re1 c6 10. Bg5 d5 11. Bxf6 Nxf6 12. e5 Ng4 13. h3 Nh6 14.
cxd5 cxd5 15. Qb3 Rc8 16. Nxd5 Qxd5 17. Qxd5 Bxd5 18. Be4 Bxe4 19. Rxe4 f5 20.
e6 fxe4 0-1

[Event "Troy (TCC Res/1/15)"]
[Site "?"]
[Date "1995.??.??"]
[Round "?"]
[White "Cischke, J."]
[Black "Silveri, Marco"]
[Result "0-1"]
[WhiteElo "1605"]
[BlackElo "1605"]
[PlyCount "84"]
[EventDate "1995.??.??"]

{1/(15)} 1. e4 c5 2. Nf3 Nc6 3. d4 cxd4 4. Nxd4 d6 5. Nc3 g6 6. Bg5 Bg7 7. Ndb5
a6 8. Na3 Nf6 9. Qd2 b5 10. Bxf6 Bxf6 11. O-O-O b4 12. Qd5 bxc3 13. Qxc6+ Bd7
14. Qd5 cxb2+ 15. Kb1 O-O 16. f4 Be6 17. Qd2 Qc7 18. h3 Rfc8 19. g4 Qc6 20. Bd3
Qa4 21. f5 Bxa2+ 22. Kxa2 Rc3 23. Qxc3 Bxc3 24. fxg6 fxg6 25. h4 Bb4 26. Bc4+
Kh8 27. Rd3 Bxa3 28. Rxa3 Qxc4+ 29. Kxb2 Qxe4 30. Rf1 Qb4+ 31. Rb3 Qxg4 32. Rf7
Qxh4 33. Rb7 e5 34. c4 e4 35. c5 dxc5 36. Ra7 Rxa7 37. Rxa7 e3 38. Rxa6 e2 39.
Ra8+ Kg7 40. Ra7+ Kh6 41. Ra5 Qb4+ 42. Kc2 Qxa5 0-1

[Event "Troy (TCC Res/4/14)"]
[Site "?"]
[Date "1995.??.??"]
[Round "?"]
[White "Cischke, J."]
[Black "Miller, J."]
[Result "0-1"]
[WhiteElo "1605"]
[BlackElo "1605"]
[PlyCount "74"]
[EventDate "1995.??.??"]

{4/(14)} 1. e4 e6 2. d4 d5 3. Nc3 dxe4 4. Nxe4 f5 5. Nc3 Nf6 6. Bg5 h6 7. Bxf6
Qxf6 8. Nf3 Bd6 9. Qd2 g5 10. O-O-O Bf4 11. Qxf4 gxf4 12. d5 a6 13. Bc4 O-O 14.
dxe6 Bxe6 15. Bxe6+ Qxe6 16. Rhe1 Qb6 17. Nd5 Qa5 18. Ne7+ Kh7 19. Kb1 Nc6 20.
Nxc6 bxc6 21. Rd7+ Kg8 22. Ree7 Rf6 23. Nh4 Qb5 24. Rg7+ Kf8 25. Ng6+ Rxg6 26.
Rdf7+ Ke8 27. Re7+ Kd8 28. Rd7+ Kc8 29. Rxc7+ Kb8 30. c4 Rxg7 31. Rxg7 Qxc4 32.
b3 Qe2 33. a4 a5 34. f3 Ra7 35. Rg8+ Kb7 36. Rg7+ Kb6 37. Rg6 Rd7 0-1

[Event "East Lansing (MI Op/6/1)"]
[Site "?"]
[Date "1995.??.??"]
[Round "?"]
[White "Ciaffone, Bob"]
[Black "Tsemekhman, Vadim"]
[Result "0-1"]
[WhiteElo "2200"]
[BlackElo "2495"]
[PlyCount "80"]
[EventDate "1995.??.??"]

{6/(1)} 1. Nf3 g6 2. e4 Bg7 3. d4 d6 4. c4 Nf6 5. Nc3 O-O 6. Be2 e5 7. O-O Na6
8. Be3 Ng4 9. Bg5 Qe8 10. dxe5 dxe5 11. h3 h6 12. Bd2 Nf6 13. Be3 Nh5 14. Re1
Nf4 15. Bf1 Ne6 16. a3 b6 17. Qc2 Bb7 18. Rad1 Rd8 19. Bc1 c6 20. b4 Qe7 21.
Rxd8 Rxd8 22. Ne2 Nac7 23. Bb2 Ng5 24. Nxg5 Qxg5 25. Bc1 Qe7 26. Rd1 Ne6 27.
Rxd8+ Qxd8 28. Be3 Nd4 29. Bxd4 exd4 30. Nc1 c5 31. b5 Qe7 32. Bd3 f5 33. f3 h5
34. Ne2 Qh4 35. exf5 Qe1+ 36. Kh2 Be5+ 37. f4 Qf2 38. Be4 Bxf4+ 39. Kh1 Bxe4
40. Qxe4 Qe1+ 0-1

[Event "East Lansing (MI Op/1a/7)"]
[Site "?"]
[Date "1995.??.??"]
[Round "?"]
[White "Ciaffone, Bob"]
[Black "Triplett, Thomas"]
[Result "1-0"]
[WhiteElo "2200"]
[BlackElo "1900"]
[PlyCount "79"]
[EventDate "1995.??.??"]

1. Nf3 Nf6 2. c4 g6 3. Nc3 Bg7 4. e4 d6 5. Be2 O-O 6. d4 e5 7. O-O c6 8. Qc2
Qe7 9. Rd1 Na6 10. dxe5 dxe5 11. a3 Bg4 12. h3 Bxf3 13. Bxf3 Nc5 14. b4 Ne6 15.
Be3 Rfd8 16. Ne2 Ne8 17. g3 N8c7 18. Rxd8+ Qxd8 19. Rd1 Nd4 20. Bxd4 exd4 21.
Bg2 Ne6 22. f4 Qb6 23. c5 Qa6 24. Rd3 Rd8 25. e5 Qb5 26. Bf1 Qa6 27. Kg2 b5 28.
Ng1 Qc8 29. Be2 Qd7 30. Bf3 h5 31. h4 Bh6 32. Ne2 Bg7 33. Nc3 f5 34. exf6 Bxf6
35. Ne4 Qe7 36. Qe2 Bxh4 37. Nd6 Bf6 38. Qe4 Nf8 39. Qxc6 Qe6 40. Bd5 1-0

[Event "East Lansing (MI Op/3/3)"]
[Site "?"]
[Date "1995.??.??"]
[Round "?"]
[White "Ciaffone, Bob"]
[Black "Fuller, William"]
[Result "1-0"]
[WhiteElo "2200"]
[BlackElo "2770"]
[PlyCount "61"]
[EventDate "1995.??.??"]

1. Nf3 d5 2. c4 c6 3. e3 Nf6 4. Nc3 Bg4 5. d4 e6 6. h3 Bxf3 7. Qxf3 Nbd7 8. g4
Bb4 9. Bd2 O-O 10. O-O-O a5 11. h4 Bxc3 12. Bxc3 Ne4 13. Be1 e5 14. cxd5 cxd5
15. Bb5 exd4 16. Bxd7 Qxd7 17. Rxd4 Qc6+ 18. Kb1 b5 19. Qd1 Rac8 20. f3 Nd6 21.
Bxa5 Nc4 22. Bd2 Rfe8 23. Re1 b4 24. Bc1 b3 25. axb3 Ne5 26. Rh1 Qg6+ 27. Ka2
Nd3 28. Qxd3 Qb6 29. Bd2 Red8 30. Bb4 Rd7 31. Ba3 1-0

[Event "East Lansing (MI Op/4/1)"]
[Site "?"]
[Date "1995.??.??"]
[Round "?"]
[White "Ciaffone, Bob"]
[Black "Finegold, Ben"]
[Result "1/2-1/2"]
[WhiteElo "2200"]
[BlackElo "2605"]
[PlyCount "106"]
[EventDate "1995.??.??"]

{4/(1)} 1. Nf3 Nc6 2. d4 d5 3. c4 Bg4 4. Nc3 Bxf3 5. gxf3 e6 6. cxd5 exd5 7. e3
Nge7 8. Bd3 g6 9. Bd2 Bg7 10. Na4 O-O 11. Qb3 Re8 12. O-O-O Rb8 13. Kb1 b5 14.
Nc5 a5 15. Rc1 Qd6 16. Qd1 Rb6 17. h4 a4 18. h5 a3 19. hxg6 hxg6 20. b4 Rd8 21.
Bc3 Qf6 22. f4 Nf5 23. Qg4 Nce7 24. Rc2 Rc6 25. Qg5 Qxg5 26. fxg5 Nd6 27. Bd2
Nc4 28. Bc1 Rb6 29. Rc3 f6 30. Rg1 Kf7 31. Bxc4 bxc4 32. Rxa3 Nc6 33. Bd2 Nxb4
34. Bxb4 Rxb4+ 35. Kc2 Rdb8 36. Ra7 f5 37. Rxc7+ Kg8 38. Kc3 R4b5 39. Rh1 Ra5
40. a4 Raa8 41. Ra1 Bf8 42. a5 Bxc5 43. Rxc5 Rb3+ 44. Kc2 f4 45. e4 dxe4 46.
Rxc4 Rf3 47. d5 Rxf2+ 48. Kc3 e3 49. d6 Rd2 50. Rxf4 Rxd6 51. Re4 Rd5 52. a6
Rd6 53. Rxe3 Rdxa6 1/2-1/2

[Event "East Lansing (MOR/7/6)"]
[Site "?"]
[Date "1995.??.??"]
[Round "?"]
[White "Choyke, J."]
[Black "Smeckert, Dennis"]
[Result "1-0"]
[WhiteElo "1635"]
[BlackElo "1605"]
[PlyCount "87"]
[EventDate "1995.??.??"]

{7/(6)} 1. c4 e5 2. Nf3 Nc6 3. Nc3 Nf6 4. g3 Be7 5. Bg2 d6 6. d4 Nxd4 7. Nxd4
exd4 8. Qxd4 c6 9. O-O Be6 10. e4 O-O 11. Rd1 Qb6 12. Qxb6 axb6 13. b3 Rfd8 14.
h3 Ne8 15. Bb2 Bf6 16. Rd2 Bxc3 17. Bxc3 Nc7 18. Bd4 c5 19. Be3 b5 20. Bf1 bxc4
21. bxc4 Rd7 22. g4 Ra4 23. Rb1 Ne8 24. f3 Kf8 25. e5 Bxc4 26. Bxc5 Bxf1 27.
Kxf1 Rc4 28. Bxd6+ Nxd6 29. exd6 Ke8 30. Re1+ Kd8 31. Re4 Rc6 32. Red4 f6 33.
h4 Rf7 34. h5 Kd7 35. a4 g5 36. hxg6 hxg6 37. f4 Rh7 38. Kg2 Rc3 39. Rb2 Rhh3
40. Rxb7+ Kd8 41. d7 Rhg3+ 42. Kf2 Rb3 43. Ra7 Rgc3 44. Ra8+ 1-0

[Event "East Lansing (MOR/6/5)"]
[Site "?"]
[Date "1995.??.??"]
[Round "?"]
[White "Choyke, J."]
[Black "Scioly, Tony"]
[Result "1/2-1/2"]
[WhiteElo "1635"]
[BlackElo "1605"]
[PlyCount "66"]
[EventDate "1995.??.??"]

{6/(5)} 1. c4 Nf6 2. Nc3 g6 3. g3 Bg7 4. Bg2 O-O 5. d4 d6 6. Nf3 Nbd7 7. O-O
Rb8 8. b3 c5 9. e3 a6 10. Bb2 b5 11. cxb5 axb5 12. dxc5 dxc5 13. Qc2 Qb6 14.
Ng5 Bb7 15. Rfd1 Bxg2 16. Kxg2 Qc6+ 17. Kg1 Rfd8 18. f4 h6 19. Nh3 Ng4 20. Re1
Nb6 21. Nd1 Nd5 22. Bxg7 Kxg7 23. Ndf2 Nxf2 24. Nxf2 Nb4 25. Qc3+ f6 26. a3 Nd5
27. Qc2 Rd7 28. e4 Nb6 29. e5 Rbd8 30. exf6+ exf6 31. Qe2 Nc8 32. Rad1 Rxd1 33.
Nxd1 Qd7 1/2-1/2

[Event "Detroit (CMS Jun/2/1/3)"]
[Site "?"]
[Date "1995.??.??"]
[Round "?"]
[White "Choyke, J."]
[Black "Rosenberg, Steve"]
[Result "1/2-1/2"]
[WhiteElo "1655"]
[BlackElo "1725"]
[PlyCount "110"]
[EventDate "1995.??.??"]

{2/1} 1. c4 Nf6 2. Nf3 g6 3. Nc3 Bg7 4. g3 d6 5. Bg2 e5 6. d4 Nc6 7. dxe5 dxe5
8. Qxd8+ Kxd8 9. Bg5 Be6 10. O-O-O+ Kc8 11. Nd5 Ng4 12. Be3 Nxe3 13. Nxe3 Nd4
14. Rd2 c6 15. b3 Kc7 16. Nc2 Nxf3 17. Bxf3 f5 18. e3 e4 19. Bg2 c5 20. Na3 a6
21. Nb1 Rad8 22. Rhd1 Rxd2 23. Rxd2 b5 24. cxb5 axb5 25. Bf1 b4 26. Rc2 Kb6 27.
Nd2 Bc3 28. Nb1 Be5 29. Nd2 Rd8 30. Nc4+ Bxc4 31. Bxc4 Bc3 32. Bf1 Rd6 33. Bc4
Kc7 34. Bf1 Kd7 35. Bc4 Ke7 36. a4 Kf6 37. a5 g5 38. a6 Rd7 39. Ra2 Ra7 40. Ra5
Be1 41. Kd1 Bxf2 42. Ke2 Bg1 43. h3 Ke7 44. Rxc5 f4 45. gxf4 gxf4 46. Re5+ Kd6
47. exf4 e3 48. Rd5+ Kc6 49. f5 Rxa6 50. Bxa6 Kxd5 51. Bd3 Ke5 52. f6 Kxf6 53.
Bxh7 Kg5 54. Bg8 Bf2 55. Be6 Kf4 1/2-1/2

[Event "Detroit (MI Action/6/7)"]
[Site "?"]
[Date "1995.??.??"]
[Round "?"]
[White "Choyke, J."]
[Black "Mahabir, Jagdesh"]
[Result "1-0"]
[WhiteElo "1635"]
[BlackElo "1605"]
[PlyCount "48"]
[EventDate "1995.??.??"]

{6/(7)} 1. b3 d6 2. Bb2 e5 3. e3 Nc6 4. Bb5 Bd7 5. Nc3 a6 6. Be2 g6 7. Nf3 Bg7
8. d4 exd4 9. exd4 Nf6 10. d5 Ne7 11. a4 O-O 12. a5 Nfxd5 13. Qd2 Bc6 14. Nd4
Nxc3 15. Bxc3 Bxg2 16. Rg1 Bc6 17. h4 Qd7 18. h5 Nd5 19. Bb2 Rae8 20. O-O-O Re7
21. Bc4 Kh8 22. Nxc6 Bxb2+ 23. Kxb2 bxc6 24. Qh6 Qf5 1-0

[Event "Detroit (MI Action/4/7)"]
[Site "?"]
[Date "1995.??.??"]
[Round "?"]
[White "Choyke, J."]
[Black "Khraizat, Ali"]
[Result "0-1"]
[WhiteElo "1635"]
[BlackElo "1605"]
[PlyCount "61"]
[EventDate "1995.??.??"]

{4/(7)} 1. c4 e5 2. Nc3 Bc5 3. g3 Nf6 4. Bg2 c6 5. e3 d5 6. cxd5 cxd5 7. d4
exd4 8. exd4 Bb4 9. Nge2 Ne4 10. O-O f5 11. f3 Nf6 12. Re1 O-O 13. Bf4 Nc6 14.
Rc1 h6 15. a3 Bd6 16. Bxd6 Qxd6 17. Nb5 Qd8 18. Nf4 g5 19. Ng6 Rf7 20. Ne5 Nxe5
21. dxe5 Ne8 22. f4 gxf4 23. gxf4 Be6 24. Nd4 Qb6 25. Kh1 Nc7 26. Nxe6 Qxe6 27.
Re3 Rg7 28. Rxc7 Rd8 29. Qc2 Qg6 30. Bxd5+ Kh7 31. Bg2 0-1

[Event "Detroit (MI Action/2/10)"]
[Site "?"]
[Date "1995.??.??"]
[Round "?"]
[White "Choyke, J."]
[Black "Hill, Brad"]
[Result "1-0"]
[WhiteElo "1635"]
[BlackElo "1605"]
[PlyCount "97"]
[EventDate "1995.??.??"]

{2/(10)} 1. b3 d5 2. e3 e5 3. Bb2 Nc6 4. Bb5 Bd6 5. c4 a6 6. Bxc6+ bxc6 7. d3
Nf6 8. Nd2 O-O 9. Ne2 Be6 10. O-O dxc4 11. dxc4 Bb4 12. Nf3 Bg4 13. Nc3 e4 14.
Qxd8 Raxd8 15. Ne5 Rd6 16. Nxg4 Nxg4 17. a3 Bc5 18. Nxe4 f5 19. Nxc5 Rd2 20.
Bd4 a5 21. h3 Nh6 22. Rfd1 Rxd1+ 23. Rxd1 Rb8 24. Be5 Kf7 25. Bxc7 Re8 26. Bxa5
Re5 27. Bb4 Ng8 28. Rd7+ Kf6 29. Rd6+ Kf7 30. Rxc6 Ne7 31. Rc7 Kg6 32. Nd3 Re6
33. Nf4+ Kg5 34. Nxe6+ Kh6 35. Rxe7 f4 36. exf4 g5 37. Nxg5 Kg6 38. Re6+ Kf5
39. Bd2 h6 40. Re5+ Kf6 41. Nf3 h5 42. c5 h4 43. c6 Kf7 44. c7 Kf6 45. c8=Q Kg6
46. Qf5+ Kh6 47. Qg5+ Kh7 48. Re7+ Kh8 49. Bc3# 1-0

[Event "East Lansing (MOR/4/2)"]
[Site "?"]
[Date "1995.??.??"]
[Round "?"]
[White "Choyke, J."]
[Black "Foote, Greg"]
[Result "1-0"]
[WhiteElo "1635"]
[BlackElo "1730"]
[PlyCount "78"]
[EventDate "1995.??.??"]

{4/(2)} 1. c4 Nf6 2. Nc3 g6 3. g3 Bg7 4. Nf3 c5 5. d4 cxd4 6. Nxd4 Nc6 7. Nxc6
bxc6 8. Bg2 Rb8 9. O-O O-O 10. Qc2 Qc7 11. Bd2 d6 12. Rac1 Bd7 13. b3 Ng4 14.
h3 Nf6 15. Kh2 e5 16. e4 Nh5 17. Be3 f5 18. exf5 Bxf5 19. Qd2 Nf6 20. Rfd1 Rbd8
21. Bh6 Rf7 22. Bxg7 Kxg7 23. Qe3 Rfd7 24. Rd2 Be6 25. Qe2 d5 26. cxd5 cxd5 27.
Rdd1 Qb8 28. Qa6 Rd6 29. Qe2 e4 30. Nb5 R6d7 31. Nd4 Qd6 32. Rc6 Qxc6 33. Nxc6
Rc8 34. Nd4 Bf7 35. h4 h5 36. Bh3 Ng4+ 37. Bxg4 hxg4 38. Qxg4 Rdc7 39. Ne6+
Bxe6 1-0

[Event "East Lansing (Beg/5/12)"]
[Site "?"]
[Date "1995.??.??"]
[Round "?"]
[White "Choate, Eric"]
[Black "Wood, C."]
[Result "0-1"]
[WhiteElo "1605"]
[BlackElo "1605"]
[PlyCount "64"]
[EventDate "1995.??.??"]

{5/(12)} 1. e4 e5 2. Nf3 Nc6 3. Bc4 Nf6 4. Nc3 Nxe4 5. Nxe4 d5 6. Nxe5 Qe7 7.
Nxc6 Qxe4+ 8. Be2 bxc6 9. d3 Qxg2 10. Bf3 Qg6 11. Qe2+ Be7 12. Qe5 Be6 13. Qxc7
O-O 14. Qxc6 Qf6 15. Bxd5 Qe5+ 16. Be4 Bh4 17. Rg1 Qxh2 18. Be3 Qxg1+ 19. Ke2
Bg4+ 20. Kd2 Qxa1 21. Bd4 Qd1+ 22. Kc3 Rac8 23. Qxc8 Rxc8+ 24. Kb4 Be7+ 25. Kb5
Bd7+ 26. Ka6 Qh5 27. Bb7 Qb5+ 28. Kxa7 Qa5+ 29. Ba6 Rc7+ 30. Kb8 Bd6 31. Ka8
Qxa6+ 32. Kb8 Qb7# 0-1

[Event "Grand Rapids (MI Am/4/33)"]
[Site "?"]
[Date "1995.??.??"]
[Round "?"]
[White "Choate, Eric"]
[Black "Vander Horst, D."]
[Result "0-1"]
[WhiteElo "1605"]
[BlackElo "1605"]
[PlyCount "60"]
[EventDate "1995.??.??"]

{4/(33)} 1. e4 e5 2. Nf3 Nc6 3. Bc4 Nf6 4. Nc3 Bb4 5. d3 d5 6. a3 Bxc3+ 7. bxc3
dxc4 8. O-O Bg4 9. h3 Bxf3 10. Qxf3 Qe7 11. Rb1 Rb8 12. Qg3 g6 13. f4 Nh5 14.
Qg4 Qe6 15. f5 Qd7 16. Rf3 Ne7 17. Be3 Ng8 18. Bxa7 Ngf6 19. Qg5 h6 20. Qh4 g5
21. Qf2 g4 22. hxg4 Nf4 23. Bxb8 Nxg4 24. Qh4 Rg8 25. Rxb7 f6 26. Rxc7 Qb5 27.
Rc8+ Kd7 28. Rxg8 Qb1+ 29. Rf1 Ne2+ 30. Kh1 Qxf1# 0-1

[Event "East Lansing (Beg/3/10)"]
[Site "?"]
[Date "1995.??.??"]
[Round "?"]
[White "Choate, Eric"]
[Black "Simmons, M."]
[Result "1-0"]
[WhiteElo "1605"]
[BlackElo "1605"]
[PlyCount "55"]
[EventDate "1995.??.??"]

{3/(10)} 1. e4 e6 2. Nf3 d5 3. Bd3 Qg5 4. O-O dxe4 5. Bxe4 Qe7 6. Nc3 f5 7. Bd3
Qf7 8. Ne5 Qf6 9. Nf3 Qh6 10. Bb5+ c6 11. d3 f4 12. Bc4 Bd6 13. Re1 Ne7 14. Nd4
f3 15. h3 Qg6 16. Nxf3 O-O 17. d4 Kh8 18. Bd3 Qh5 19. Nd2 Qh4 20. Nc4 Qxf2+ 21.
Kh1 Qxd4 22. Qh5 h6 23. Bg5 Nf5 24. Qg6 Ng3+ 25. Kh2 Nf1+ 26. Kh1 Kg8 27. Rxf1
Nd7 28. Qh7# 1-0

[Event "Grand Rapids (MI Am/2/37)"]
[Site "?"]
[Date "1995.??.??"]
[Round "?"]
[White "Choate, Eric"]
[Black "Kyser, Bob"]
[Result "1-0"]
[WhiteElo "1605"]
[BlackElo "1605"]
[PlyCount "68"]
[EventDate "1995.??.??"]

{2/(37)} 1. e4 e5 2. Nf3 Nc6 3. Bc4 f6 4. d3 Bb4+ 5. c3 Ba5 6. b4 Bb6 7. Be3
Bxe3 8. fxe3 a5 9. Qa4 b6 10. d4 Bb7 11. Qb3 Qe7 12. a3 axb4 13. Bxg8 Na5 14.
Qa2 exd4 15. cxb4 d5 16. bxa5 Rxa5 17. Bxd5 Bxd5 18. exd5 Qxe3+ 19. Qe2 Rxd5
20. Qxe3+ dxe3 21. O-O e2 22. Re1 Rd1 23. Nc3 Rxa1 24. Rxa1 Kf7 25. Nxe2 Re8
26. Kf2 g5 27. h4 g4 28. Nfd4 h5 29. Nf4 Re4 30. Nde2 Ra4 31. Nc3 Rxf4+ 32. Ke3
Rc4 33. Nd5 Ke6 34. Rd1 g3 {[Remainder illegible; 1-0, 63?]} 1-0

[Event "Grand Rapids (MI Am/1/32)"]
[Site "?"]
[Date "1995.??.??"]
[Round "?"]
[White "Choate, Eric"]
[Black "Koernke, R."]
[Result "0-1"]
[WhiteElo "1605"]
[BlackElo "1605"]
[PlyCount "50"]
[EventDate "1995.??.??"]

{1/(32)} 1. e4 c5 2. Nc3 d6 3. Bc4 Nc6 4. Nf3 Bg4 5. h3 Bh5 6. Bb5 e6 7. Bxc6+
bxc6 8. d4 cxd4 9. Qxd4 Bxf3 10. gxf3 Nf6 11. Be3 Be7 12. O-O-O Qc7 13. Bf4 e5
14. Qe3 exf4 15. Qxf4 Rb8 16. e5 dxe5 17. Qd2 Qb6 18. Na4 Qb5 19. b3 O-O 20.
Nc3 Qa5 21. Rhe1 Bb4 22. Re3 Nd5 23. Rxe5 Qa3+ 24. Kb1 Nxc3+ 25. Ka1 Qxa2# 0-1

[Event "East Lansing (MOR/6/41)"]
[Site "?"]
[Date "1995.??.??"]
[Round "?"]
[White "Choate, Eric"]
[Black "Kincare, K."]
[Result "0-1"]
[WhiteElo "1605"]
[BlackElo "1605"]
[PlyCount "74"]
[EventDate "1995.??.??"]

{6/(41)} 1. e4 Nf6 2. Nc3 e5 3. Nf3 d6 4. Bc4 Be7 5. d3 O-O 6. O-O c6 7. d4 Bg4
8. dxe5 dxe5 9. Qxd8 Rxd8 10. Nxe5 Be6 11. Bxe6 fxe6 12. Bg5 Nbd7 13. Bxf6 Bxf6
14. Ng4 Bxc3 15. bxc3 Nf6 16. f3 Nxg4 17. fxg4 Rd2 18. Rab1 b6 19. Rbc1 Re2 20.
Rfe1 Rxe1+ 21. Rxe1 Rd8 22. Re3 Rd2 23. a3 Rxc2 24. Rd3 e5 25. h4 Re2 26. Rd8+
Kf7 27. Rd7+ Kf6 28. g5+ Kg6 29. Rxa7 Rxe4 30. Ra6 Rxh4 31. Rxb6 Rc4 32. Rb3
Kxg5 33. Kf2 h5 34. Kf3 e4+ 35. Ke3 Kf5 36. g3 g5 37. Rb4 Rxc3+ 0-1

[Event "East Lansing (MOR/2/46)"]
[Site "?"]
[Date "1995.??.??"]
[Round "?"]
[White "Choate, Eric"]
[Black "Juntunen, Michael"]
[Result "0-1"]
[WhiteElo "1605"]
[BlackElo "1605"]
[PlyCount "88"]
[EventDate "1995.??.??"]

{2/(46)} 1. e4 e5 2. Nf3 d5 3. Nxe5 Bd6 4. Nf3 Qe7 5. d3 dxe4 6. dxe4 Bg4 7.
Nc3 Nc6 8. Be2 O-O-O 9. O-O Bxh2+ 10. Nxh2 Rxd1 11. Rxd1 Bxe2 12. Nxe2 Qxe4 13.
Ng3 Qxc2 14. Rd2 Qc5 15. Re2 Nf6 16. Be3 Qb5 17. b3 h5 18. Rd2 g6 19. Bd4 Nxd4
20. Rxd4 Qe5 21. Rdd1 h4 22. Re1 Qc3 23. Rac1 Qb4 24. Ngf1 g5 25. Re3 g4 26.
Rc4 Qd6 27. Nxg4 h3 28. gxh3 Nd5 29. Rd3 c6 30. Nd2 f5 31. Nh2 Rg8+ 32. Kf1
Qxh2 33. Ke1 Re8+ 34. Kd1 Qxf2 35. Rxd5 Rh8 36. Rd3 Re8 37. Kc2 Qe1 38. Rf4 Re2
39. h4 Rh2 40. Rxf5 Rxd2+ 41. Rxd2 Qe4+ 42. Kd1 Qxf5 43. Rh2 Qg4+ 44. Kc1 Qf4+
0-1

[Event "East Lansing (MOR/3/45)"]
[Site "?"]
[Date "1995.??.??"]
[Round "?"]
[White "Choate, Eric"]
[Black "DeBlasio, N."]
[Result "0-1"]
[WhiteElo "1605"]
[BlackElo "1605"]
[PlyCount "46"]
[EventDate "1995.??.??"]

{3/(45)} 1. e4 Nf6 2. Nc3 Nc6 3. Bc4 e5 4. Nf3 Bb4 5. d3 d5 6. exd5 Nxd5 7. a3
Nxc3 8. bxc3 Bxc3+ 9. Bd2 Bxa1 10. Qxa1 Nd4 11. Nxe5 Nxc2+ 12. Kd1 Nxa1 13. Re1
O-O 14. Bc3 Nb3 15. Bxb3 Bg4+ 16. f3 Bxf3+ 17. gxf3 c5 18. Rg1 g6 19. Kd2 Qh4
20. Rg2 Rac8 21. Nd7 Rc6 22. Bf6 Rxf6 23. Nxf6+ Qxf6 0-1

[Event "East Lansing (Beg/1/9)"]
[Site "?"]
[Date "1995.??.??"]
[Round "?"]
[White "Choate, Dan"]
[Black "McAllister, Don"]
[Result "1-0"]
[WhiteElo "1605"]
[BlackElo "1605"]
[PlyCount "105"]
[EventDate "1995.??.??"]

{1/(9)} 1. e4 e5 2. Nf3 d6 3. d4 Nc6 4. d5 Na5 5. h3 Nf6 6. Nc3 Be7 7. b4 b6 8.
bxa5 bxa5 9. Bb5+ Bd7 10. O-O O-O 11. Qd3 a6 12. Bxa6 Bc8 13. Bb5 h6 14. Bc6
Ba6 15. Bb5 Qc8 16. Rb1 Qb7 17. Be3 Rab8 18. a4 Nh5 19. g4 Nf4 20. Bxf4 exf4
21. e5 f6 22. e6 Qb6 23. Qc4 Rbc8 24. Nd4 f5 25. Nc6 Bf6 26. Ne2 f3 27. Nf4 Be5
28. Ng6 fxg4 29. hxg4 Bxb5 30. Rxb5 Qa6 31. Nge7+ Kh7 32. Nxc8 Rxc8 33. Rfb1 g6
34. Qd3 Rf8 35. Ne7 Rf6 36. Qc4 Qa7 37. Nc6 Rf4 38. Nxa7 Rxc4 39. Rb7 Bd4 40.
Rc1 h5 41. gxh5 gxh5 42. e7 Bxf2+ 43. Kxf2 Re4 44. Rxc7 Kg7 45. e8=Q+ Kh6 46.
Qxe4 h4 47. Qxh4+ Kg6 48. Qg3+ Kh6 49. Rc8 Kh7 50. Qh4+ Kg7 51. Rc7+ Kg8 52.
Qe7 Kh8 53. Rc8# 1-0